000 004270000a22001450004500
090 _aAR
_b01780
245 1 0 _aDispersal of plants by bats (<Chiropterochory>)
650 1 4 _aRelación planta-animal
_992861
650 1 4 _aDispersión de semillas
_992588
650 1 4 _aEcología
_992250
041 0 _aInglés
100 1 _aVan der Pijl, L.
_995221
942 _cARTICULO
773 1 _tActa Botánica Neerlandica
_3601
_h6
_q291-315
_d1957
999 _c10857
_d10857